Score 0/40 Timer 07:00
1 Play Today
% Correct
Sylvester Stallone
95.6%
John Travolta
94.7%
Christopher Reeve
87.3%
Olivia Newton-John
87.2%
Jack Nicholson
84.8%
Dustin Hoffman
80.5%
Burt Reynolds
76.2%
Woody Allen
76.1%
Meryl Streep
73.2%
Diane Keaton
70.8%
Roger Moore
67.3%
Barbra Streisand
65.9%
Clint Eastwood
63.1%
Robert Redford
61.6%
Sally Field
60.3%
Talia Shire
57.1%
Ryan O'Neal
52.8%
Richard Dreyfuss
51.7%
Warren Beatty
51.5%
Mark Hamill
50.5%
% Correct
Jane Fonda
47.2%
Margot Kidder
44.3%
Goldie Hawn
38.8%
Angela Lansbury
38.3%
Ali MacGraw
38.3%
Chevy Chase
35.3%
Faye Dunaway
32.1%
Sondra Locke
24.5%
Donald Sutherland
23.8%
Louise Fletcher
23.6%
Charlton Heston
22.8%
Julie Christie
19.9%
Jane Seymour
18.8%
Teri Garr
17.1%
Eva Gabor
16.4%
Carrie Fisher
14.7%
William Holden
13.9%
Bob Newhart
12.5%
Ava Gardner
8.3%
David Tomlinson
6.2%
Remove Ads.
Support Sporcle.
Get the best of Sporcle when you Go Orange. This ad-free experience offers more features, more stats, and more fun while also helping to support Sporcle. Thank you for becoming a member.

You're not logged in!

Compare scores with friends on all Sporcle quizzes.
OR
Log In

Sporcle TV

Today on Sporcle TV


Watch our educational content, quiz creation guides, and fun videos on Sporcle TV.

Show Comments

Extras

Top Quizzes Today


Score Distribution

Paid Content

Your Account Isn't Verified!

In order to create a playlist on Sporcle, you need to verify the email address you used during registration. Go to your Sporcle Settings to finish the process.

Report this User

Report this user for behavior that violates our Community Guidelines.

Details: